Focus Cambs, Norfolk and Suffolk (Record no. 82183)
[ view plain ]
| 000 -LEADER | |
|---|---|
| fixed length control field | 01154cab a22002655a 4500 |
| 001 - CONTROL NUMBER | |
| control field | L149486 |
| 008 - FIXED-LENGTH DATA ELEMENTS--GENERAL INFORMATION | |
| fixed length control field | 100309e20100306xxk 000 0 eng d |
| 035 ## - SYSTEM CONTROL NUMBER | |
| System control number | (Sirsi) u149486 |
| 041 0# - LANGUAGE CODE | |
| Language code of text/sound track or separate title | eng |
| 100 1# - MAIN ENTRY--PERSONAL NAME | |
| Personal name | Quinn, David |
| 245 00 - TITLE STATEMENT | |
| Title | Focus Cambs, Norfolk and Suffolk |
| 260 ## - PUBLICATION, DISTRIBUTION, ETC. | |
| Date of publication, distribution, etc. | 2010 |
| 490 ## - SERIES STATEMENT | |
| Series statement | Estates Gazette |
| Volume/sequential designation | (1009) 6 March 2010, 137-157(18) |
| 520 ## - SUMMARY, ETC. | |
| Summary, etc. | Property company Brookgate took over the assets of collapsed property company Ashwell in December 2009 in a prepack administration backed by Ashwell's creditors Lloyds Banking Group including its CB1's development in Cambridge. Agents talk survival strategies. A general round up on office, industrial, retail markets in Cambridgeshire, Norfolk and Suffolk and investment opportunites available. Overview of science parks focusing on Cambridge Science Park 40 years old in 2010. |
| 590 ## - LOCAL NOTE (RLIN) | |
| Local note | KA |
| 651 #4 - SUBJECT ADDED ENTRY--GEOGRAPHIC NAME | |
| Geographic name | Cambridgeshire |
| 651 #4 - SUBJECT ADDED ENTRY--GEOGRAPHIC NAME | |
| Geographic name | Norfolk |
| 651 #4 - SUBJECT ADDED ENTRY--GEOGRAPHIC NAME | |
| Geographic name | Suffolk |
| 690 ## - LOCAL SUBJECT ADDED ENTRY--TOPICAL TERM (OCLC, RLIN) | |
| Topical term or geographic name as entry element | PROPERTY-COMMERCIAL PROPERTY-COMMERCIAL PROPERTY MARKET |
| 700 1# - ADDED ENTRY--PERSONAL NAME | |
| Personal name | Elghamry, Nadia |
| 700 1# - ADDED ENTRY--PERSONAL NAME | |
| Personal name | Parr, Lauren |
| 700 1# - ADDED ENTRY--PERSONAL NAME | |
| Personal name | Smith, Melanie |
| 700 1# - ADDED ENTRY--PERSONAL NAME | |
| Personal name | Cunningham, David |
| 942 ## - ADDED ENTRY ELEMENTS (KOHA) | |
| Suppress in OPAC | 0 |
| Withdrawn status | Lost status | Source of classification or shelving scheme | Damaged status | Not for loan | Home library | Current library | Shelving location | Date acquired | Total Checkouts | Full call number | Barcode | Date last seen | Copy number | Price effective from | Koha item type |
|---|---|---|---|---|---|---|---|---|---|---|---|---|---|---|---|
| Dewey Decimal Classification | London | London | Journal article | 09/03/2010 | L149486 | 149486-1001 | 06/08/2019 | 1 | 06/08/2019 | Journal article |